| 000 | 00528ntaaa2200193 4500 | ||
|---|---|---|---|
| 003 | 01 | ||
| 005 | 20251027202829.0 | ||
| 008 | 0714s1973 ag 01 | ||
| 040 |
_aAR-BaBN _bspa _cAR-BaBN _eaacr _dRIC |
||
| 082 | _a922.0000 B88 | ||
| 100 |
_aHarrison, Frank Mott _928883 |
||
| 245 | _aJohn Bunyan (1628-1688) | ||
| 250 | _a1 ed. | ||
| 260 |
_aLondon : _bBanner of Truth Trust, _c1928, 1964 |
||
| 300 | _ax, 213 p | ||
| 500 | _aHistoria de la vida de Juan Bunyan (1628-1688) | ||
| 650 | _aBunyan, Juan (1628-1688) | ||
| 942 | _cBK | ||
| 999 |
_c23685 _d23685 |
||